000 00587nam a22001937a 4500
003 CEME
005 20210628202834.0
008 210126b xxu||||| |||| 00| 0 eng d
020 _a0-07-053508-6
040 _c.
082 _a621 NAG
100 _aNag, P .K
_960014
245 _aMechanical engineering includes answers to the 2000-2003 uptu question papers
250 _a2ND
260 _aNEW DELHI
_bTATA MCGRAW HILL
_c2003
300 _aXIV,739 P
650 _aMECHANICAL ENGINEERING.ENGINEERING THERMODYNAMICS-ANSWERS.STRENGTH OF MATERIALS-ANSWERS.
_961891
942 _cBK
_2ddc
999 _c571185
_d571185